<?xml version="1.0" encoding="UTF-8"?>
<collection xmlns="http://www.loc.gov/MARC21/slim">
 <record>
  <leader>     na                 </leader>
  <controlfield tag="001">INLIS000000000023788</controlfield>
  <controlfield tag="005">20260106034240</controlfield>
  <datafield tag="035" ind1=" " ind2=" ">
   <subfield code="a">0010-0126000012</subfield>
  </datafield>
  <controlfield tag="007">ta</controlfield>
  <controlfield tag="008">260106                g          0 ind  </controlfield>
  <datafield tag="020" ind1=" " ind2=" ">
   <subfield code="a">9789791262613</subfield>
  </datafield>
  <datafield tag="082" ind1=" " ind2=" ">
   <subfield code="a">327</subfield>
  </datafield>
  <datafield tag="084" ind1=" " ind2=" ">
   <subfield code="a">327 MOH t</subfield>
  </datafield>
  <datafield tag="100" ind1="0" ind2=" ">
   <subfield code="a">Mohamad Rosyidin</subfield>
   <subfield code="e">Pengarang</subfield>
  </datafield>
  <datafield tag="245" ind1="1" ind2=" ">
   <subfield code="a">The Power Of Ideas :</subfield>
   <subfield code="b">Konstruktivisme dalam Studi Hubungan Internasional</subfield>
  </datafield>
  <datafield tag="250" ind1=" " ind2=" ">
   <subfield code="a">Cetakan 1</subfield>
  </datafield>
  <datafield tag="300" ind1=" " ind2=" ">
   <subfield code="a">xviii + 262 halaman ;</subfield>
   <subfield code="c">21 Cm</subfield>
  </datafield>
  <datafield tag="650" ind1=" " ind2="4">
   <subfield code="a">Hubungan Internasional</subfield>
  </datafield>
  <datafield tag="700" ind1="0" ind2=" ">
   <subfield code="a">Muamad Yahya</subfield>
   <subfield code="e">Penyunting</subfield>
  </datafield>
  <datafield tag="504" ind1=" " ind2=" ">
   <subfield code="a">Bibliografi : 237-255</subfield>
  </datafield>
  <datafield tag="520" ind1=" " ind2=" ">
   <subfield code="a">&quot;Konstruktivisme bersikukuh bahwa konstruksi sosial adalah proses dimana agen dan institusi mengalami pembentukan ulang secara terus- menerus. Hal ini adalah perubahan. Mengakui dan menggarisbawahi unsur realitas sosial ini bukan&#13;
berarti konstruktivisme adalah teori tentang perubahan, namun menekankan pada situasi- situasi yang akan membuat hubungan sosial mengalami perubahan. Atau tidak berubah manakala kita menghendakinya.&quot;&#13;
Prof. Nicholas Onuf (Florida International University)&#13;
&#13;
Buku ini dimaksudkan sebagai &quot;peta jalan&quot; untuk memahami konstruktivisme, perspektif yang begitu dominan di dalam studi hubungan internasional serta berhasil meruntuhkan alur berpikir perspektif realisme. Peta jalan tersebut bertumpu pada gagasan pokok konstruktivisme perihal the nature being, bahwa segala sesuatu merupakan hasil dari konstruksi sosial yang selalu berubah, oleh sebab itu setiap fenomena harus dilihat sesuai dengan konteks waktu, tempat, dan situasi yang mengelilinginya. Begitu pula halnya dengan hubungan internasional yang pada hakikatnya merupakan konstruksi sosial dimana aktor-aktornya (negara dan non-negara) tidak bergerak sendiri-sendiri, melainkan saling berinteraksi untuk membentuk dunia yang berarti.&#13;
&#13;
Di samping mengeksplorasi gagasan filosofis di atas, buku ini juga mencermati konsep-konsep kunci dalam perspektif konstruktivisme, seperti identitas, norma, dan bahasa. Bahkan, buku ini juga dilengkapi dengan kajian pada tataran praksis, yakni tentang teknik-teknik penelitian untuk menggunakan konstruktivisme; kaitan konstruktivisme dengan teori normatif, serta bagaimana konstruktivisme mampu menyediakan rekomendasi kebijakan.&#13;
&#13;
Didukung sumber-sumber acuan yang melimpah, penyajian yang tidak bertele-tele, bahasa yang mudah dimengerti, serta contoh-contoh konkret, diharapkan buku ini bisa menjadi literatur utama bagi para penstudi, peminat, dan peneliti di bidang ilmu politik dan ilmu hubungan internasional, khususnya dalam menyusun tugas perkuliahan dan penelitian mandiri guna penyelesaian tugas akhir, seperti skripsi, tesis, dan disertasi.</subfield>
  </datafield>
  <datafield tag="264" ind1=" " ind2=" ">
   <subfield code="a">Sleman :</subfield>
   <subfield code="b">Tiara Wacana,</subfield>
   <subfield code="c">2015</subfield>
  </datafield>
  <datafield tag="336" ind1=" " ind2=" ">
   <subfield code="2">rdacontent</subfield>
   <subfield code="a">Teks</subfield>
  </datafield>
  <datafield tag="337" ind1=" " ind2=" ">
   <subfield code="2">rdamedia</subfield>
   <subfield code="a">Tanpa Perantara</subfield>
  </datafield>
  <datafield tag="338" ind1=" " ind2=" ">
   <subfield code="2">rdacarrier</subfield>
   <subfield code="a">Lembar</subfield>
  </datafield>
  <datafield tag="502" ind1=" " ind2=" ">
   <subfield code="a">Indeks : 257-262</subfield>
  </datafield>
  <datafield tag="990" ind1=" " ind2=" ">
   <subfield code="a">072625</subfield>
  </datafield>
 </record>
</collection>
